Prénoms garçons 2008 - Statistiques

Statistiques générales
  • Ce quiz a été pris 940 fois
    709 depuis la dernière actualisation
  • Le résultat moyen est 45 sur 100
Statistiques - réponses
Hint Lettre Prénoms % Correct
14 L Léo
86%
2 L Lucas
82%
11 L Louis
81%
7 T Théo
81%
3 H Hugo
76%
24 P Paul
75%
23 J Jules
74%
1 E Enzo
73%
5 N Nathan
73%
18 Q Quentin
72%
6 M Mathis
71%
16 T Thomas
71%
12 G Gabriel
70%
61 A Alex
68%
57 J Julien
68%
51 N Noa
67%
30 T Tom
66%
8 M Maxime
65%
19 A Antoine
64%
27 B Baptiste
61%
9 R Raphaël
61%
17 A Arthur
60%
62 R Romain
60%
26 V Valentin
59%
49 V Victor
59%
25 A Alexandre
58%
13 E Ethan
58%
4 M Mathéo
58%
47 P Pierre
56%
45 M Martin
55%
68 J Jean
54%
73 K Kevin
54%
22 N Noah
54%
42 M Mathieu
53%
54 Y Yanis
52%
15 C Clément
51%
20 M Maël
51%
35 K Kylian
50%
78 B Bastien
49%
21 N Noé
49%
31 M Maxence
48%
29 A Alexis
47%
81 C Charles
47%
41 T Timéo
47%
33 E Evan
45%
60 N Nicolas
45%
38 S Samuel
45%
90 W William
45%
34 A Axel
43%
43 N Nolan
43%
53 S Simon
43%
39 B Benjamin
42%
50 M Mathias
42%
44 A Adrien
41%
52 G Gabin
41%
28 M Mattéo
41%
86 M Mohamed
41%
71 C Corentin
40%
82 E Eliott
40%
95 L Liam
40%
36 S Sacha
40%
77 Y Yann
40%
40 E Esteban
38%
85 D David
37%
32 A Adam
36%
46 R Robin
36%
56 T Titouan
35%
72 A Anthony
34%
64 F Florian
34%
89 G Gaspard
34%
96 K Kilian
34%
70 R Rayan
34%
79 T Thibault
33%
58 D Dylan
32%
66 T Tristan
32%
67 D Dorian
31%
100 R Rémi
31%
69 M Matéo
30%
55 J Jeremy
29%
37 M Mathys
29%
63 T Timothée
29%
91 M Marius
28%
74 A Antonin
27%
76 I Ilan
26%
80 N Noam
26%
88 M Matthieu
25%
87 L Lilian
23%
65 E Erwan
22%
48 L Lenny
22%
10 L Lorenzo
22%
59 A Aaron
21%
98 A Augustin
20%
84 L Louka
19%
83 R Rafaël
18%
93 L Loris
17%
99 B Bryan
14%
75 E Elouan
12%
92 M Morgan
12%
97 I Ismaël
10%
94 J Joshua
5%
Aucun quiz correspondant
Distribution des résultats
% des personnes avec chaque résultat
Percentile par nombre de réponses
Votre historique - résultats
Vous n’avez pas pris ce quiz depuis la dernière actualisation